Multiple Choice City Quiz – Porto - Statistics

General Stats
  • This quiz has been taken 111 times
  • The average score is 8 of 10
Answer Stats
Question Answer % Correct
On what river is Porto located? Douro
96%
What wine originates from Porto? Port
96%
Which Porto football team won the Champions League? FC Porto
93%
What is Livraria Lello? A bookstore
87%
What country consolidated an alliance with Portugal in Porto that is still in force today, almost 650 years later? England
81%
Who designed the Maria Pia Bridge in Porto? Gustave Eiffel
79%
Which of these foods is Porto famous for? Meat toast in cheese and tomato sauce
78%
Which flower can be seen abundantly throughout Porto? Camellia
68%
What is kept in a jar at Igreja da Lapa church in Porto? The heart of a Brazilian emperor
61%
Which Porto native initiated the Age of Discovery? Henry the Navigator
34%
No matching quizzes found
Score Distribution
Percent of People with Each Score
Percentile by Number Answered
Your Score History
You have not taken this quiz